NFL Draft 2015 Quarterbacks Drafted - Statistics

General Stats
  • This quiz has been taken 30 times
  • The average score is 3 of 7
Answer Stats
Round Player Team College % Correct
1 Jameis Winston Buccaneers Florida State
100%
1 Marcus Mariota Titans Oregon
92%
5 Brett Hundley Packers UCLA
40%
7 Trevor Siemian Broncos Northwestern
32%
4 Bryce Petty Jets Baylor
20%
3 Garrett Grayson Saints Colorado State
20%
3 Sean Mannion Rams Oregon State
16%
No matching quizzes found
Score Distribution
Percent of People with Each Score
Percentile by Number Answered
Your Score History
You have not taken this quiz